Called to holiness / (Record no. 121834)
[ view plain ]
| 000 -LEADER | |
|---|---|
| fixed length control field | 00645cam a2200241ua 4500 |
| 001 - CONTROL NUMBER | |
| control field | 4479704 |
| 003 - CONTROL NUMBER IDENTIFIER | |
| control field | ARRUPE |
| 005 - DATE AND TIME OF LATEST TRANSACTION | |
| control field | 20150121112208.0 |
| 008 - FIXED-LENGTH DATA ELEMENTS--GENERAL INFORMATION | |
| fixed length control field | 830225s1982 enk 000 0 eng d |
| 020 ## - INTERNATIONAL STANDARD BOOK NUMBER | |
| International Standard Book Number | 0854391991 |
| 035 ## - SYSTEM CONTROL NUMBER | |
| System control number | (OCoLC)9258249 |
| 035 ## - SYSTEM CONTROL NUMBER | |
| System control number | (OCoLC)ocm09258249 |
| 035 ## - SYSTEM CONTROL NUMBER | |
| System control number | (NNC)4479704 |
| 040 ## - CATALOGING SOURCE | |
| Original cataloging agency | NNUT |
| Transcribing agency | NNUT |
| Modifying agency | CStRLIN |
| 090 ## - LOCALLY ASSIGNED LC-TYPE CALL NUMBER (OCLC); LOCAL CALL NUMBER (OCLC) | |
| Classification number (OCLC) (R) ; Classification number, CALL (RLIN) (NR) | BT767 |
| Local cutter number (OCLC) ; Book number/undivided call number, CALL (RLIN) | .H37 1982 |
| 300 ## - PHYSICAL DESCRIPTION | |
| Dimensions | 21 cm. |
| 100 1# - MAIN ENTRY--PERSONAL NAME | |
| Personal name | Häring, Bernhard, |
| Dates associated with a name | 1912- |
| 9 (RLIN) | 14441 |
| 245 10 - TITLE STATEMENT | |
| Title | Called to holiness / |
| Statement of responsibility, etc | Bernard Häring. |
| 260 ## - PUBLICATION, DISTRIBUTION, ETC. (IMPRINT) | |
| Place of publication, distribution, etc | Slough : |
| Name of publisher, distributor, etc | St Paul Publications, |
| Date of publication, distribution, etc | 1982. |
| 300 ## - PHYSICAL DESCRIPTION | |
| Extent | 73 p. ; |
| 650 #0 - SUBJECT ADDED ENTRY--TOPICAL TERM | |
| Topical term or geographic name as entry element | Holiness. |
| 9 (RLIN) | 14442 |
| 942 ## - ADDED ENTRY ELEMENTS (KOHA) | |
| Source of classification or shelving scheme | Library of Congress Classification |
| Koha item type | Monograph ( Printed materials) |
| Withdrawn status | Lost status | Source of classification or shelving scheme | Damaged status | Not for loan | Collection code | Home library | Current library | Shelving location | Date acquired | Total Checkouts | Full call number | Barcode | Date last seen | Price effective from | Koha item type |
|---|---|---|---|---|---|---|---|---|---|---|---|---|---|---|---|
| Library of Congress Classification | Main Collection | ARRUPE LIBRARY | ARRUPE LIBRARY | Main Collection | 21/01/2015 | BX2350.2.H345 | 46500003107 | 22/11/2017 | 21/01/2015 | Monograph ( Printed materials) |